00584nam a2200181Ia 450000500170000000800410001702000150005808200190007310000120009224500970010426000380020130000130023965000100025265000220026294200060028495200970029099900150038720250508064329.0240331s9999 xx 000 0 und d a9559429639 bHAQa89426915 aHaq,L.A 0aWomen characters in Se. Ganesalingan's recent novels- a feminine approach cS. Ganeshalingan aChennaibKumaran Publishersc2005 a105 p ., aWoman afeminine approach cL 001040708LaWERCLbWERCLcSSCd2024-03-31l0o 305.4 HAQp5876r2024-03-31w2024-03-31yL c3878d3878